Normal view
MARC view
Entry Personal Name
001 - CONTROL NUMBER
- control field: 10120
003 - CONTROL NUMBER IDENTIFIER
- control field: ARRUPE
005 - DATE AND TIME OF LATEST TRANSACTION
- control field: 20140514143922.0
008 - FIXED-LENGTH DATA ELEMENTS
- fixed length control field: 140514|| aca||aabn | a|a d
040 ## - CATALOGING SOURCE
- Original cataloging agency: ARRUPE
- Transcribing agency: ARRUPE
100 ## - HEADING--PERSONAL NAME
- Personal name: Joan,
- Titles and other words associated with a name: of Arc, Saint,
- Dates associated with a name: 1412-1431.
670 ## - SOURCE DATA FOUND
- Source citation: Work cat.: (ARRUPE)0: Tavard, George H. (George Henry), 1922- 10119, The spiritual way of St. Jeanne d'Arc /, c1998.